000 00863cam a2200337 4500500
005 20260329004535.0
041 _afre
042 _adc
100 1 0 _aLarmagnac-Matheron, Octave
_eauthor
245 0 0 _aRepérages / Juin 2020
260 _c2020.
500 _a11
690 _aAura
690 _aBenjamin
690 _aBruit
690 _aFaire
690 _aFréquence
690 _aGramsci
690 _aJean-Yves Le Drian
690 _aMain
690 _aMichel Serres
690 _aMonde
690 _aMontagne
690 _aNéandertal
690 _aPanorama
690 _apollution
690 _aSilence
690 _aTim Ingold
786 0 _nPhilosophie magazine | 139 | 6 | 2020-06-01 | p. 7-7 | 1951-1787
856 4 1 _uhttps://shs.cairn.info/magazine-philosophie-magazine-2020-6-page-7?lang=fr&redirect-ssocas=7080
999 _c1834929
_d1834929